Figure Out the Lyrics XII Quiz Stats

 Plays Quiz Updated Oct 27, 2018

Score 0/147 Timer 10:00
5 Plays Today
% Correct
I
98.5%
I
98.5%
I
98.5%
I
98.4%
I
98.4%
I
98.4%
I
98.4%
a
97.4%
a
97.4%
a
97.4%
a
97.4%
a
97.4%
a
97.4%
the
93.4%
the
93.4%
and
83.6%
and
83.6%
and
83.6%
and
83.6%
And
83.6%
And
83.6%
and
83.6%
He
82.6%
to
81.4%
it
79.5%
It
79.5%
it
79.5%
It
79.5%
It
79.5%
be
79.5%
me
78.8%
me
78.8%
me.
78.8%
in
77%
on
75.4%
is
75.1%
is
75.1%
go.
74%
of
68.4%
my
66.7%
my
66.7%
my
66.7%
my
66.7%
her
63%
your
61.9%
just
60.4%
just
60.4%
just
60.4%
all.
59.3%
% Correct
all
59.3%
was
59.3%
was
59.3%
how
58%
can't
57.5%
like
57%
this?
55.9%
I'm
55.8%
I'm
55.8%
want
55.7%
I'm
55.5%
it's
54.6%
it's
54.6%
it's
54.6%
Now
53.1%
Now
53.1%
now.
53.1%
now.
53.1%
Let
52.2%
up
52%
up
52%
out
50.4%
out
50.4%
with
49.1%
But
48.9%
But
48.9%
head.
47.4%
did
47.2%
his
45.9%
only
44.6%
only
44.6%
going
43.8%
been
42.5%
end
41.7%
never
41.3%
never
41.3%
never
41.3%
never
41.3%
off
40.1%
I've
39.9%
down
39.4%
because
38.9%
she's
38.2%
she's
38.2%
she's
38.2%
kiss,
38.1%
kiss.
38.1%
kiss.
38.1%
look
37.1%
% Correct
he's
34.3%
they're
33.8%
doing
33.6%
takes
32.7%
fine.
32.6%
taking
32.5%
taking
32.5%
into
31.7%
dress
31.6%
eyes.
31.3%
killing
31.3%
Mr.
31.1%
started
30.9%
Brightside.
30.3%
coming
29.8%
calling
29.8%
calling
29.8%
cab.
29.1%
Gotta
28.9%
gotta
28.9%
control.
28.8%
bed
27.8%
drag.
27.7%
'Cause
27.3%
sick.
27%
sick
27%
falling
27%
sea.
26.8%
Open
26.8%
cage
26.8%
Jealousy,
26.4%
chest
26.1%
having
26%
touching
25.9%
smoke
25.8%
stomach
25.7%
price
24.9%
pay,
24.9%
asleep
24.7%
destiny
24.3%
turning
23.8%
eager
23.3%
Choking
21.6%
While
20.9%
alibis
20.2%
lullabies.
19.5%
through
18.2%
saints
14.9%
Swimming
9.1%

You're not logged in!

Compare scores with friends on all Sporcle quizzes.
OR
Log In

Sporcle TV

Today on Sporcle TV


Watch our educational content, quiz creation guides, and fun videos on Sporcle TV.

Show Comments

Extras

Top Quizzes Today


Score Distribution

Your Account Isn't Verified!

In order to create a playlist on Sporcle, you need to verify the email address you used during registration. Go to your Sporcle Settings to finish the process.

Report this User

Report this user for behavior that violates our Community Guidelines.

Details: